00727 2200253 4500001002100000005001700021008004100038020001800079035002400097082001200121090001900133100002100152245011200173250001200285260003700297300002600334500003100360500001100391650002200402850001500424980001300439985000600452999001500458YOGYA-0209000001364620090227022337.0 ind  a0-256-02322-0 0010-020900000013646 a320.973 a320.973bAsh P aASHER, Herbert B aPresidentrial Elections and American PoliticbVoters, Candidates and Campaigans Sinel 1952cHerbert B.Asher aEd. rev aOntariobthe Dorsery Pressc1980 axviii, 422 hlmc23 cm aBibliografi : hlm. 400-409 aIndeks aPolitik - Amerika aYOPDYOG(B) a05-07-05 a1 aA000000628